Výkaz ziskov a strát – súčasť účtovnej závierky rozpočtových organizácií, príspevkových organizácií a obcí diplomová práca

Guardado en:
Detalles Bibliográficos
Autor principal: Osrmanová, Kristína
Autor Corporativo: Fakulta hospodárskej informatiky EU. Katedra účtovníctva a audítorstva
Otros Autores: Kovalčíková, Antónia
Formato: Libro
Lenguaje:eslovaco
Publicado: Bratislava 2018
Etiquetas: Agregar Etiqueta
Sin Etiquetas, Sea el primero en etiquetar este registro!

MARC

LEADER 00000nbm a2200000 4500
001 0243572
005 20181108092154.8
041 0 |a slo 
044 |a SK 
245 1 0 |a Výkaz ziskov a strát – súčasť účtovnej závierky rozpočtových organizácií, príspevkových organizácií a obcí  |b diplomová práca  |c Kristína Osrmanová ; školiteľ: Antónia Kovalčíková 
264 1 |a Bratislava  |c 2018 
300 |a 75 s. 
100 1 |a Osrmanová, Kristína 
700 1 |a Kovalčíková, Antónia 
710 2 |a Fakulta hospodárskej informatiky EU. Katedra účtovníctva a audítorstva